<?xml version="1.0" encoding="UTF-8"?><marc:collection xmlns:marc="http://www.loc.gov/MARC21/slim">
  <marc:record>
    <marc:leader>00000nam##2200000za#4500</marc:leader>
    <marc:controlfield tag="001">9.525497</marc:controlfield>
    <marc:controlfield tag="003">CaOODSP</marc:controlfield>
    <marc:controlfield tag="005">20210615083029</marc:controlfield>
    <marc:controlfield tag="007">ta</marc:controlfield>
    <marc:controlfield tag="008">150406|1995||||xxc|||||     f|0| 0 fre|d</marc:controlfield>
    <marc:datafield tag="020" ind1=" " ind2=" ">
      <marc:subfield code="a">0-662-61670-7</marc:subfield>
    </marc:datafield>
    <marc:datafield tag="040" ind1=" " ind2=" ">
      <marc:subfield code="a">CaOODSP</marc:subfield>
      <marc:subfield code="b">fre</marc:subfield>
    </marc:datafield>
    <marc:datafield tag="041" ind1=" " ind2=" ">
      <marc:subfield code="a">eng</marc:subfield>
    </marc:datafield>
    <marc:datafield tag="041" ind1=" " ind2=" ">
      <marc:subfield code="a">fre</marc:subfield>
    </marc:datafield>
    <marc:datafield tag="043" ind1=" " ind2=" ">
      <marc:subfield code="a">n-cn---</marc:subfield>
    </marc:datafield>
    <marc:datafield tag="086" ind1="1" ind2=" ">
      <marc:subfield code="a">SC94-62/9-1995</marc:subfield>
    </marc:datafield>
    <marc:datafield tag="110" ind1="1" ind2=" ">
      <marc:subfield code="a">Canada.</marc:subfield>
      <marc:subfield code="b">Centre canadien de gestion.</marc:subfield>
    </marc:datafield>
    <marc:datafield tag="245" ind1="1" ind2="0">
      <marc:subfield code="a">Relever le défi : </marc:subfield>
      <marc:subfield code="b">gérer le changement dans les années quatre-vingt-dix / </marc:subfield>
      <marc:subfield code="c">par David Shepherdson. </marc:subfield>
    </marc:datafield>
    <marc:datafield tag="260" ind1=" " ind2=" ">
      <marc:subfield code="a">Ottawa - Ontario : </marc:subfield>
      <marc:subfield code="b">Centre canadien de gestion </marc:subfield>
      <marc:subfield code="c">1995.</marc:subfield>
    </marc:datafield>
    <marc:datafield tag="300" ind1=" " ind2=" ">
      <marc:subfield code="a">Texte français, v, 48p. : </marc:subfield>
      <marc:subfield code="b">figure, références ; </marc:subfield>
      <marc:subfield code="c">23 cm.</marc:subfield>
    </marc:datafield>
    <marc:datafield tag="490" ind1="1" ind2=" ">
      <marc:subfield code="a">Les pratiques de gestion</marc:subfield>
      <marc:subfield code="v">N° 9</marc:subfield>
    </marc:datafield>
    <marc:datafield tag="500" ind1=" " ind2=" ">
      <marc:subfield code="a">«Le rapport s'inspire des travaux de plus de trente gestionnaires qui ont récemment participé à un programme novateur de perfectionnement des cadres élaboré et administré conjointement par Le Conference Board du Canada et le Centre canadien de gestion. Ces gestionnaires ont consacré beaucoup de temps et d'efforts à l'analyse comparative des pratiques de gestion du changement de douze organismes des secteurs public et privé qui, en nous faisant partager ainsi leurs expériences, ont apporté une contribution importante à ce domaine de connaissances.»--Préface.</marc:subfield>
    </marc:datafield>
    <marc:datafield tag="520" ind1="3" ind2=" ">
      <marc:subfield code="a">Le rapport s'inspire des travaux de plus de trente gestionnaires qui ont récemment participé à un programme novateur de perfectionnement des cadres élaboré et administré conjointement par Le Conference Board du Canada et le Centre canadien de gestion. Ces gestionnaires ont consacré beaucoup de temps et d'efforts à l'analyse comparative des pratiques de gestion du changement de douze organismes des secteurs public et privé qui, en nous faisant partager ainsi leurs expériences, ont apporté une contribution importante à ce domaine de connaissances.--Préface</marc:subfield>
    </marc:datafield>
    <marc:datafield tag="563" ind1=" " ind2=" ">
      <marc:subfield code="a">Couverture souple</marc:subfield>
    </marc:datafield>
    <marc:datafield tag="590" ind1=" " ind2=" ">
      <marc:subfield code="a">95-21</marc:subfield>
      <marc:subfield code="b">1995-05-26</marc:subfield>
    </marc:datafield>
    <marc:datafield tag="691" ind1="0" ind2="7">
      <marc:subfield code="a">Gestion</marc:subfield>
      <marc:subfield code="2">gcpds</marc:subfield>
    </marc:datafield>
    <marc:datafield tag="720" ind1="1" ind2=" ">
      <marc:subfield code="a">Shepherdson, David</marc:subfield>
    </marc:datafield>
    <marc:datafield tag="776" ind1="0" ind2="#">
      <marc:subfield code="t">Meeting the challenge : </marc:subfield>
      <marc:subfield code="w">(CaOODSP)9.572895</marc:subfield>
    </marc:datafield>
    <marc:datafield tag="776" ind1="0" ind2="#">
      <marc:subfield code="t">Relever le défi : </marc:subfield>
      <marc:subfield code="w">(CaOODSP)9.603142</marc:subfield>
    </marc:datafield>
    <marc:datafield tag="791" ind1=" " ind2=" ">
      <marc:subfield code="t">Meeting the challenge : </marc:subfield>
      <marc:subfield code="e">eng</marc:subfield>
      <marc:subfield code="w">(CaOODSP)9.525496</marc:subfield>
    </marc:datafield>
    <marc:datafield tag="830" ind1="#" ind2="0">
      <marc:subfield code="a">Les pratiques de gestion ;</marc:subfield>
      <marc:subfield code="v">N° 9</marc:subfield>
      <marc:subfield code="w">(CaOODSP)9.509637</marc:subfield>
    </marc:datafield>
    <marc:datafield tag="986" ind1=" " ind2=" ">
      <marc:subfield code="a">P48E, P48F</marc:subfield>
    </marc:datafield>
  </marc:record>
</marc:collection>
